[Event "FIDE World Blitz 2014"]
[Site "Dubai UAE"]
[Date "2014.06.19"]
[Round "10.33"]
[White "Andriasian, Zaven"]
[Black "Ringoir, Tanguy"]
[Result "1/2-1/2"]
[WhiteTitle "GM"]
[BlackTitle "IM"]
[WhiteElo "2611"]
[BlackElo "2506"]
[WhiteFideId "13302000"]
[BlackFideId "208027"]
[EventDate "2014.06.19"]

1. e4 e5 2. Nf3 Nc6 3. Bc4 Bc5 4. b4 Bxb4 5. c3 Be7 6. d4 Na5 7. Be2 exd4 8.
Qxd4 d5 9. exd5 Nf6 10. c4 O-O 11. Bb2 Bb4+ 12. Nbd2 Re8 13. Kf1 b6 14. Bd3 h6
15. Ne4 Be7 16. h4 Bf5 17. Re1 Bxe4 18. Rxe4 Bc5 19. Rxe8+ Qxe8 20. Qf4 Bd6 21.
Qd2 Ne4 22. Qc2 Nc5 23. Bf5 Qa4 24. h5 Qxc4+ 25. Qxc4 Nxc4 26. Bd4 b5 27. Rh4
Nb6 28. Rg4 Bf8 29. Bc2 Nxd5 30. Nh4 Ne6 31. Nf5 Kh8 32. Nxh6 Nxd4 33. Nxf7+ Kg8
34. Nh6+ Kh8 35. Rxd4 Nb4 36. Nf7+ Kg8 37. Bb3 c5 38. Rd7 c4 39. Bd1 Re8 40. a3
Nd3 41. Be2 Nc5 42. Rc7 c3 43. Bd1 Nd3 44. Be2 Nc5 45. Bd1 a5 46. Ng5 b4 47.
axb4 axb4 48. f4 b3 49. Bxb3+ Nxb3 50. Rxc3 Nd2+ 51. Kf2 Be7 52. Rd3 Bxg5 53.
fxg5 Ne4+ 54. Kf3 Nxg5+ 55. Kf4 Nh7 56. g4 Nf6 57. Rd4 Kh7 58. Ra4 Rc8 59. Kg5
Rc5+ 60. Kh4 Rc1 61. Rb4 Rh1+ 62. Kg5 Rg1 63. Ra4 Re1 64. Rb4 Re4 65. Rxe4 Nxe4+
66. Kf5 Nf6 67. h6 Kxh6 68. g5+ Kh7 69. gxf6 gxf6 70. Kxf6 1/2-1/2

[Event "FIDE World Blitz 2014"]
[Site "Dubai UAE"]
[Date "2014.06.19"]
[Round "10.34"]
[White "Breckenridge, Steven James"]
[Black "Fedoseev, Vladimir3"]
[Result "0-1"]
[WhiteTitle "FM"]
[BlackTitle "GM"]
[WhiteElo "2299"]
[BlackElo "2662"]
[WhiteFideId "2043700"]
[BlackFideId "24130737"]
[EventDate "2014.06.19"]

1. e4 e6 2. d4 d5 3. Nd2 Nf6 4. e5 Nfd7 5. Bd3 c5 6. c3 Nc6 7. Ne2 cxd4 8. cxd4
f6 9. Nf4 Nxd4 10. Qh5+ Ke7 11. exf6+ Nxf6 12. Ng6+ hxg6 13. Qxh8 Kf7 14. O-O e5
15. Nb3 Nxb3 16. axb3 Bf5 17. Bxf5 gxf5 18. Bg5 Bc5 19. Qh3 Qd7 20. b4 Be7 21.
Rfd1 d4 22. Ra5 Qe6 23. Rda1 a6 24. b5 Bd8 25. Qh8 Rc8 26. R5a2 Bb6 27. Qh3 Ne4
28. bxa6 Nxg5 29. Qh5+ Kf6 30. h4 Nf7 31. axb7 Rb8 32. Qf3 e4 33. Qf4 Rxb7 34.
Ra6 d3 35. g4 g5 36. hxg5+ Nxg5 37. Qxf5+ Qxf5 38. gxf5 Kxf5 39. Kg2 Nf3 40. Rh1
Rg7+ 41. Kf1 Bd4 42. Rh5+ Kf4 43. Rh1 Bxb2 44. Ra2 Bd4 45. Ra4 Bc3 46. Ra3 Nd2+
47. Ke1 Nb1+ 48. Rxc3 Nxc3 49. Kd2 Nd5 50. Rh3 Rg2 51. Ke1 Rg1+ 52. Kd2 Rf1 53.
Rh2 Ke5 54. f4+ Kd4 0-1

[Event "FIDE World Blitz 2014"]
[Site "Dubai UAE"]
[Date "2014.06.19"]
[Round "10.35"]
[White "Yu, Yangyi"]
[Black "Ganguly, Surya Shekhar"]
[Result "1-0"]
[WhiteTitle "GM"]
[BlackTitle "GM"]
[WhiteElo "2675"]
[BlackElo "2619"]
[WhiteFideId "8603820"]
[BlackFideId "5002150"]
[EventDate "2014.06.19"]

1. e4 c5 2. Nf3 e6 3. d4 cxd4 4. Nxd4 Nc6 5. Nc3 Qc7 6. Be3 a6 7. Qd2 Nf6 8.
O-O-O Be7 9. f4 b5 10. e5 b4 11. exf6 bxc3 12. Qxc3 Bxf6 13. g4 Bb7 14. g5 Bxd4
15. Rxd4 Rc8 16. Ra4 O-O 17. Rg1 d5 18. Kb1 d4 19. Bxd4 Qxf4 20. Qg3 Qxg3 21.
Rxg3 Rfd8 22. Rd3 a5 23. Bb6 Rxd3 24. Bxd3 Nb4 25. Rxa5 Nxd3 26. cxd3 h6 27.
gxh6 gxh6 28. a4 Bd5 29. Rc5 Rxc5 30. Bxc5 f5 31. Kc2 Kf7 32. b4 Ke8 33. b5 Kd7
34. Be3 h5 35. Bf4 Kc8 36. Kc3 Bf3 37. a5 Kb7 38. a6+ Kb6 39. Kb4 Be2 40. Be3+
Kc7 41. b6+ Kc6 42. b7 1-0

[Event "FIDE World Blitz 2014"]
[Site "Dubai UAE"]
[Date "2014.06.19"]
[Round "10.37"]
[White "Sandipan, Chanda"]
[Black "Tkachiev, Vladislav"]
[Result "0-1"]
[WhiteTitle "GM"]
[BlackTitle "GM"]
[WhiteElo "2594"]
[BlackElo "2625"]
[WhiteFideId "5004225"]
[BlackFideId "618438"]
[EventDate "2014.06.19"]

1. d4 Nf6 2. Nf3 g6 3. Nbd2 Bg7 4. e4 d6 5. Bc4 O-O 6. O-O Nc6 7. c3 e5 8. dxe5
Nxe5 9. Nxe5 dxe5 10. f3 Qe7 11. Nb3 b6 12. Qe2 Nh5 13. Be3 a5 14. Rad1 a4 15.
Nc1 Kh8 16. Nd3 Be6 17. Nb4 Nf4 18. Bxf4 Qc5+ 19. Be3 Qxc4 20. Qxc4 Bxc4 21. Rf2
Rfd8 22. Rfd2 Rxd2 23. Rxd2 Bf8 24. a3 Be6 25. Kf2 Kg7 26. Nc6 f6 27. Nd8 Bc8
28. Nc6 Be6 29. Nd8 Bc8 30. Nc6 Bd6 31. Nb4 Kf7 32. Nd5 b5 33. Nb6 Rb8 34. Nxc8
Rxc8 35. Rd5 Rb8 36. Bc5 Ke6 37. Bxd6 cxd6 38. Ke3 Kd7 39. Rd1 Kc6 40. Kd3 d5
41. exd5+ Kxd5 42. Kc2+ Ke6 43. Re1 f5 44. Rd1 g5 45. h4 gxh4 46. Rh1 Rg8 47.
Rxh4 Rxg2+ 48. Kc1 Rg3 49. c4 bxc4 50. Rxc4 Rxf3 51. Rxa4 e4 52. Ra7 f4 53. Rxh7
e3 54. Kc2 Rf2+ 55. Kd3 Rd2+ 56. Kc3 Ke5 57. Re7+ Kf5 58. a4 Rd1 59. a5 Ra1 60.
b4 Kg4 61. Re6 Kf3 62. a6 e2 63. b5 Kf2 64. Kc4 e1=Q 65. Rxe1 Kxe1 66. Kc5 f3
67. b6 f2 68. b7 f1=Q 69. b8=Q Qf2+ 70. Kd5 Rd1+ 71. Ke6 Qe2+ 72. Kf6 Qxa6+ 0-1

[Event "FIDE World Blitz 2014"]
[Site "Dubai UAE"]
[Date "2014.06.19"]
[Round "10.38"]
[White "Efimenko, Zahar"]
[Black "Adly, Ahmed"]
[Result "1/2-1/2"]
[WhiteTitle "GM"]
[BlackTitle "GM"]
[WhiteElo "2648"]
[BlackElo "2594"]
[WhiteFideId "14107201"]
[BlackFideId "10601619"]
[EventDate "2014.06.19"]

1. e4 c5 2. Nf3 d6 3. d4 cxd4 4. Nxd4 Nf6 5. Nc3 a6 6. Be2 e5 7. Nb3 Be7 8. Be3
O-O 9. O-O Be6 10. Nd5 Nbd7 11. Qd3 Re8 12. c4 Bf8 13. f3 Rc8 14. Rac1 Nh5 15.
Qd2 g6 16. Na5 Rb8 17. b4 Bxd5 18. cxd5 Nf4 19. Bc4 Qf6 20. g3 Nh5 21. Be2 Be7
22. Rc7 Nf8 23. Nxb7 Bd8 24. Nxd8 Qxd8 25. Rc6 f5 26. Rxa6 f4 27. gxf4 Nxf4 28.
Bxf4 exf4 29. Qxf4 Rxb4 30. Rxd6 Qb8 31. Rf6 Qxf4 32. Rxf4 Nd7 33. Rc1 Ne5 34.
Rf6 Rb2 35. Kf1 Ra8 36. f4 Raxa2 37. fxe5 Rxe2 38. Ra1 Rab2 39. d6 Rxh2 40. Kg1
Rbg2+ 41. Kf1 Rb2 42. Kg1 Rbg2+ 43. Kf1 Rb2 1/2-1/2

[Event "FIDE World Blitz 2014"]
[Site "Dubai UAE"]
[Date "2014.06.19"]
[Round "10.39"]
[White "Fier, Alexandr"]
[Black "Eljanov, Pavel"]
[Result "1/2-1/2"]
[WhiteTitle "GM"]
[BlackTitle "GM"]
[WhiteElo "2580"]
[BlackElo "2723"]
[WhiteFideId "2107139"]
[BlackFideId "14102951"]
[EventDate "2014.06.19"]

1. d4 Nf6 2. c4 e6 3. Nf3 b6 4. g3 Bb7 5. Bg2 Be7 6. Nc3 Ne4 7. Bd2 Bf6 8. Rc1
c5 9. d5 exd5 10. cxd5 Nxd2 11. Nxd2 d6 12. O-O O-O 13. Nde4 Be7 14. a4 Na6 15.
e3 Nb4 16. f4 a6 17. g4 c4 18. Nf2 b5 19. axb5 Qb6 20. Qd4 Qxd4 21. exd4 Rfe8
22. g5 f6 23. h4 Bd8 24. Bh3 Bb6 25. Be6+ Kf8 26. Rfd1 axb5 27. Nfe4 Nd3 28.
Nxd6 Nxc1 29. Rxc1 Bxd4+ 30. Kf1 b4 31. Ncb5 Bxb2 32. Rxc4 Ba6 33. Kg2 Reb8 34.
Rc7 Bxb5 35. Rf7+ Kg8 36. Rc7+ Kh8 37. Nf7+ Kg8 38. Nd6+ Kh8 39. Nf7+ Kg8 40.
Nd6+ Kh8 1/2-1/2

[Event "FIDE World Blitz 2014"]
[Site "Dubai UAE"]
[Date "2014.06.19"]
[Round "10.40"]
[White "Al-Modiahki, Mohamad"]
[Black "Georgiev, Kiril"]
[Result "0-1"]
[WhiteTitle "GM"]
[BlackTitle "GM"]
[WhiteElo "2549"]
[BlackElo "2644"]
[WhiteFideId "12100030"]
[BlackFideId "2900017"]
[EventDate "2014.06.19"]

1. e4 c5 2. Nc3 a6 3. f4 b5 4. Nf3 Bb7 5. d3 e6 6. g4 d5 7. e5 h5 8. g5 Ne7 9.
d4 Nbc6 10. Ne2 Nf5 11. c3 Qb6 12. Bh3 g6 13. Bxf5 gxf5 14. Be3 c4 15. Nh4 Ne7
16. Ng2 h4 17. h3 Ng6 18. a3 Be7 19. Bf2 Kd7 20. Ng1 a5 21. Nf3 b4 22. O-O Bc6
23. Kh2 bxc3 24. bxc3 Qb2 25. Be1 Rab8 26. Rf2 Qb3 27. Qc1 Ba4 28. Nd2 Qb5 29.
Nf3 Rh7 30. Re2 Qb3 31. Kg1 Qb6 32. Kh2 Rb7 33. Kg1 Rh8 34. Kh2 Qc6 35. Nfxh4
Rb3 36. Nxg6 fxg6 37. Nh4 Rg8 38. Rb2 Bxa3 39. Rxa3 Rxa3 0-1

[Event "FIDE World Blitz 2014"]
[Site "Dubai UAE"]
[Date "2014.06.19"]
[Round "10.42"]
[White "Ipatov, Alexander"]
[Black "Ghaem Maghami, Ehsan"]
[Result "1-0"]
[WhiteTitle "GM"]
[BlackTitle "GM"]
[WhiteElo "2613"]
[BlackElo "2582"]
[WhiteFideId "14116731"]
[BlackFideId "12500739"]
[EventDate "2014.06.19"]

1. d4 Nf6 2. c4 e6 3. Nc3 Bb4 4. e3 O-O 5. a3 Bxc3+ 6. bxc3 d6 7. Bd3 e5 8. Ne2
Nbd7 9. O-O Re8 10. Ng3 c5 11. f3 d5 12. cxd5 Nxd5 13. c4 Nc3 14. Bxh7+ Kxh7 15.
Qd3+ Kg8 16. Qxc3 cxd4 17. exd4 exd4 18. Qxd4 Ne5 19. Bb2 Qxd4+ 20. Bxd4 Nxc4
21. Nh5 Nd2 22. Rfe1 Rxe1+ 23. Rxe1 Be6 24. Nxg7 Bb3 25. Nf5 b5 26. Re2 Nc4 27.
Re4 f6 28. Re7 Bc2 29. Rg7+ Kf8 1-0

[Event "FIDE World Blitz 2014"]
[Site "Dubai UAE"]
[Date "2014.06.19"]
[Round "10.43"]
[White "Savchenko, Boris"]
[Black "Aleksandrov, Aleksej"]
[Result "1-0"]
[WhiteTitle "GM"]
[BlackTitle "GM"]
[WhiteElo "2581"]
[BlackElo "2554"]
[WhiteFideId "4147332"]
[BlackFideId "13500139"]
[EventDate "2014.06.19"]

1. e4 e5 2. Nf3 Nc6 3. Bb5 Nf6 4. Qe2 Bc5 5. c3 O-O 6. d3 Re8 7. Nbd2 Bf8 8. Nf1
a6 9. Ba4 b5 10. Bc2 d5 11. Ng3 h6 12. O-O Be6 13. Rd1 Qc8 14. h3 g6 15. d4 exd4
16. e5 d3 17. Rxd3 Nd7 18. Bf4 Bg7 19. Re1 Nf8 20. Qd2 Kh7 21. h4 Ne7 22. h5 c5
23. Nh4 Ra7 24. Rf3 Rd7 25. hxg6+ fxg6 26. Nh5 d4 27. Nxg7 dxc3 28. Qe3 Nd5 29.
Nxe8 Nxe3 30. Nf6+ Kg7 31. Bxe3 cxb2 32. Rg3 g5 33. f4 Rd4 34. Nf3 Rc4 35. Bb1
Bf5 36. fxg5 Bxb1 37. gxh6+ Kf7 38. Rxb1 Ne6 39. Rxb2 Rc3 40. Re2 Qd8 41. h7
Rxe3 1-0

[Event "FIDE World Blitz 2014"]
[Site "Dubai UAE"]
[Date "2014.06.19"]
[Round "10.45"]
[White "Vahidov, Tair"]
[Black "Maletin, Pavel"]
[Result "1-0"]
[WhiteTitle "GM"]
[BlackTitle "GM"]
[WhiteElo "2446"]
[BlackElo "2588"]
[WhiteFideId "14200155"]
[BlackFideId "4146786"]
[EventDate "2014.06.19"]

1. d4 Nf6 2. c4 e6 3. Nf3 Bb4+ 4. Bd2 c5 5. g3 Qb6 6. Qb3 Nc6 7. dxc5 Bxc5 8.
Qxb6 axb6 9. Bg2 d5 10. cxd5 exd5 11. O-O O-O 12. a3 Re8 13. Nc3 d4 14. Nb5 Rxe2
15. b4 Bf8 16. Rfe1 d3 17. Rxe2 dxe2 18. Nfd4 Nxb4 19. Nxe2 Nc2 20. Ra2 Nb4 21.
Bxb4 Bxb4 22. Rc2 Bc5 23. Nec3 Bxa3 24. Ra2 Bd7 25. Rxa3 Re8 26. Ra1 Bc6 27. h3
Kf8 28. Rc1 Nd7 29. Bxc6 bxc6 30. Nd4 c5 31. Ndb5 Ne5 32. Rd1 Ke7 33. Kg2 Nc4
34. Rc1 Kd7 35. Ra1 Na5 36. Rd1+ Kc6 37. Rd6+ Kb7 38. Rd7+ Kb8 39. Rxf7 Nc6 40.
Rxg7 Nd4 41. Rxh7 Re1 42. Nxd4 cxd4 43. Nb5 d3 44. Rd7 Rb1 45. Nc3 Rb3 46. Rxd3
b5 47. Re3 b4 48. Na2 1-0

[Event "FIDE World Blitz 2014"]
[Site "Dubai UAE"]
[Date "2014.06.19"]
[Round "10.47"]
[White "Kovalev, Vladislav"]
[Black "Shyam, Sundar M."]
[Result "1-0"]
[WhiteTitle "GM"]
[BlackTitle "GM"]
[WhiteElo "2554"]
[BlackElo "2468"]
[WhiteFideId "13504398"]
[BlackFideId "5019141"]
[EventDate "2014.06.19"]

1. e4 d5 2. exd5 Qxd5 3. Nc3 Qd8 4. d4 Nf6 5. Nf3 a6 6. Be2 g6 7. O-O Bg7 8. a4
O-O 9. h3 a5 10. Ne5 Nfd7 11. f4 Na6 12. Be3 Nb4 13. Bf3 c6 14. Qe2 Nb6 15. Ne4
N4d5 16. Bd2 f6 17. Nd3 Nc4 18. Bc1 f5 19. Nef2 Bxd4 20. c3 Bf6 21. Nc5 Nd6 22.
Nfd3 Nc7 23. Be3 b6 24. Nb3 Ba6 25. Nd4 Ne4 26. Rfd1 Qe8 27. Qc2 Nd5 28. Bc1
Bxd4+ 29. cxd4 Rd8 30. Ne5 Nb4 31. Qb3+ Kg7 32. Be3 Nd5 33. Rac1 Bb7 34. Rc2 Rd6
35. Rdc1 Nb4 36. Re2 c5 37. dxc5 Rdf6 38. c6 Nxc6 39. Nxc6 Rxc6 40. Bd4+ Kh6 41.
Rce1 Rd6 42. Be5 Rc6 43. Bxe4 fxe4 44. Qg3 Rf5 45. Qe3 Rxe5 46. fxe5+ Kg7 47.
Rf1 Rc5 48. Ref2 Rxe5 49. Qd4 Qb8 50. Rf7+ Kg8 51. Rf8+ 1-0

[Event "FIDE World Blitz 2014"]
[Site "Dubai UAE"]
[Date "2014.06.19"]
[Round "10.48"]
[White "Sriram, Jha"]
[Black "Al Qudaimi, Basheer"]
[Result "1-0"]
[WhiteTitle "GM"]
[BlackTitle "IM"]
[WhiteElo "2375"]
[BlackElo "2396"]
[WhiteFideId "5001668"]
[BlackFideId "9400346"]
[EventDate "2014.06.19"]

1. d4 d5 2. Nf3 c6 3. c4 e6 4. Nbd2 Nf6 5. g3 Be7 6. Bg2 O-O 7. O-O b6 8. Qc2
Re8 9. e4 dxe4 10. Nxe4 Bb7 11. Rd1 Na6 12. Ne5 Qc8 13. a3 h6 14. Bf4 c5 15.
Nxf6+ Bxf6 16. Bxb7 Qxb7 17. dxc5 Nxc5 18. b4 Qe4 19. Rac1 Bxe5 20. Qxe4 Nxe4
21. Bxe5 f6 22. Bf4 e5 23. Be3 f5 24. f3 Nf6 25. Rd6 Kf7 26. c5 bxc5 27. Rxc5
Re7 28. Kf2 g5 29. Rcc6 Ng8 30. Bc5 Rb7 31. Ra6 e4 32. fxe4 fxe4 33. Ke3 h5 34.
Re6 g4 35. Rxe4 Nf6 36. Rf4 Re8+ 37. Kf2 Re6 38. Rxa7 Rxa7 39. Bxa7 Kg6 40. Bd4
Ne4+ 41. Kg2 Ng5 42. b5 Nh3 43. Rf6+ Rxf6 44. Bxf6 Kxf6 45. b6 Ng5 46. b7 1-0

[Event "FIDE World Blitz 2014"]
[Site "Dubai UAE"]
[Date "2014.06.19"]
[Round "10.49"]
[White "Omar, Noaman"]
[Black "Zhigalko, Sergei"]
[Result "0-1"]
[WhiteTitle "IM"]
[BlackTitle "GM"]
[WhiteElo "2366"]
[BlackElo "2678"]
[WhiteFideId "9300244"]
[BlackFideId "13502956"]
[EventDate "2014.06.19"]

1. d4 Nf6 2. c4 e6 3. Nf3 b6 4. a3 Ba6 5. Qc2 Bb7 6. Nc3 c5 7. dxc5 bxc5 8. Bf4
Nh5 9. Bd2 Be7 10. e3 O-O 11. Be2 d6 12. O-O Nf6 13. Rab1 Nbd7 14. b4 Rc8 15. b5
d5 16. a4 Re8 17. Rfd1 Qc7 18. a5 d4 19. exd4 Bxf3 20. Bxf3 cxd4 21. Ne4 Ne5 22.
Nxf6+ Bxf6 23. Be4 g6 24. b6 axb6 25. axb6 Qxc4 26. b7 Qxc2 27. Bxc2 Rxc2 28.
b8=Q Rxb8 29. Rxb8+ Kg7 30. Bf4 Nc4 31. Rc8 e5 32. Bc1 e4 33. g3 d3 34. Re8 d2
35. Bxd2 Nxd2 36. Ra8 Nf3+ 37. Kg2 Bd4 38. Rf1 Ne5 39. Rd8 Rd2 0-1

[Event "FIDE World Blitz 2014"]
[Site "Dubai UAE"]
[Date "2014.06.19"]
[Round "10.50"]
[White "Al-Sayed, Mohammed"]
[Black "Taleb, Moussa"]
[Result "1-0"]
[WhiteTitle "GM"]
[BlackTitle "GM"]
[WhiteElo "2505"]
[BlackElo "2406"]
[WhiteFideId "12100196"]
[BlackFideId "9300201"]
[EventDate "2014.06.19"]

1. d4 Nf6 2. c3 b6 3. Bg5 Ne4 4. Bf4 Bb7 5. f3 Nf6 6. e4 d6 7. Nd2 Nbd7 8. Be3
e5 9. d5 Be7 10. a4 a5 11. Bb5 O-O 12. Ne2 Nh5 13. O-O g6 14. b4 Ng7 15. bxa5
Rxa5 16. Nc4 Ra8 17. a5 Nc5 18. Bxc5 bxc5 19. a6 Bc8 20. a7 Bb7 21. Qb3 Rc8 22.
Ba6 Bxa6 23. Rxa6 f5 24. Ng3 Bh4 25. Rfa1 Ra8 26. R6a2 Bxg3 27. hxg3 fxe4 28.
fxe4 Nh5 29. Qd1 Nxg3 30. Qg4 Nh5 31. Ne3 Nf4 32. g3 Nh5 33. Kg2 Qf6 34. Qe6+
Qxe6 35. dxe6 Rfe8 36. Nd5 Ng7 37. Nxc7 Kf8 38. Nxa8 Rxa8 39. Rb2 1-0

[Event "FIDE World Blitz 2014"]
[Site "Dubai UAE"]
[Date "2014.06.19"]
[Round "10.51"]
[White "Tissir, Mohamed"]
[Black "Suhail, Abdurahim"]
[Result "1-0"]
[WhiteTitle "IM"]
[BlackTitle "CM"]
[WhiteElo "2380"]
[BlackElo "2239"]
[WhiteFideId "9000240"]
[BlackFideId "9300228"]
[EventDate "2014.06.19"]

1. e4 c5 2. Nc3 e6 3. Nf3 Nc6 4. Bb5 Nd4 5. Bc4 d6 6. Nxd4 cxd4 7. Ne2 Qb6 8.
O-O Nf6 9. d3 Be7 10. a4 e5 11. h3 O-O 12. Ng3 Be6 13. b3 d5 14. exd5 Bxd5 15.
Nf5 Qe6 16. Nxe7+ Qxe7 17. Ba3 Qe6 18. Bxf8 Rxf8 19. Bxd5 Nxd5 20. Qf3 b6 21.
Rfe1 Nf4 22. Qe4 Re8 23. a5 b5 24. a6 Qf6 25. Ra5 Qg5 26. Kh2 f5 27. Qf3 Rc8 28.
Rxb5 h5 29. Rexe5 g6 30. Rec5 Re8 31. Rc7 Ne6 32. Rxa7 Re7 33. Rxe7 Qxe7 34.
Rb8+ Kh7 35. Rb7 Nc7 36. Qg3 Qb4 1-0

[Event "FIDE World Blitz 2014"]
[Site "Dubai UAE"]
[Date "2014.06.19"]
[Round "11.2"]
[White "Meier, Georg"]
[Black "Nepomniachtchi, Ian"]
[Result "1-0"]
[WhiteTitle "GM"]
[BlackTitle "GM"]
[WhiteElo "2632"]
[BlackElo "2730"]
[WhiteFideId "4675789"]
[BlackFideId "4168119"]
[EventDate "2014.06.19"]

1. Nf3 g6 2. e4 Nf6 3. Nc3 d6 4. d4 Bg7 5. Be2 a6 6. O-O O-O 7. Bf4 b5 8. e5
dxe5 9. dxe5 Nh5 10. Be3 Nc6 11. a4 b4 12. Nd5 Be6 13. Nf4 Nxf4 14. Bxf4 Qd5 15.
Re1 Rfd8 16. Qc1 Qc5 17. Be3 Qa5 18. Bf4 Bd5 19. Qe3 Qb6 20. Qxb6 cxb6 21. Rad1
h6 22. h4 e6 23. b3 a5 24. Rd3 Be4 25. Re3 Bxc2 26. Rc1 Nd4 27. Nxd4 Rxd4 28.
Rxc2 Rxf4 29. g3 Rd4 30. Rc7 Rd5 31. Bf3 Re8 32. Bxd5 exd5 33. Rd7 Bf8 34. Rxd5
Bc5 35. Red3 Kg7 36. Kg2 g5 37. h5 g4 38. f4 gxf3+ 39. Kxf3 Re6 40. Ke4 Be7 41.
Rd7 Bf6 42. R3d5 Be7 43. Kf5 Kg8 44. Rb7 Bf8 45. Rd8 Kg7 46. Rdd7 1-0

[Event "FIDE World Blitz 2014"]
[Site "Dubai UAE"]
[Date "2014.06.19"]
[Round "11.3"]
[White "Sargissian, Gabriel"]
[Black "Lu, Shanglei"]
[Result "1-0"]
[WhiteTitle "GM"]
[BlackTitle "GM"]
[WhiteElo "2686"]
[BlackElo "2546"]
[WhiteFideId "13300881"]
[BlackFideId "8603332"]
[EventDate "2014.06.19"]

1. d4 f5 2. Nc3 Nf6 3. Bg5 d5 4. e3 g6 5. Nf3 Bg7 6. Bd3 O-O 7. O-O Ne4 8. Bf4
c5 9. Nb5 Na6 10. c4 Be6 11. Qe2 Qb6 12. cxd5 Bxd5 13. Bc4 e6 14. a4 cxd4 15.
exd4 h6 16. Rac1 Rfc8 17. Be5 Qd8 18. Bxg7 Kxg7 19. Ne5 Nc7 20. Nxc7 Rxc7 21.
Bxd5 exd5 22. Nd3 Rac8 23. Nc5 Qd6 24. Nxb7 Qf6 25. Nc5 Nxc5 26. dxc5 Rxc5 27.
Rxc5 Rxc5 28. Rd1 h5 29. g3 d4 30. Qd3 Rd5 31. Rc1 Rd7 32. b4 a6 33. b5 axb5 34.
axb5 f4 35. Rc6 Rd6 36. Rxd6 Qxd6 37. gxf4 Qxf4 38. b6 Qc1+ 39. Qf1 Qg5+ 40. Qg2
Qc1+ 41. Qf1 Qc6 42. Qb1 Qb7 43. Qb2 Kf7 44. Qxd4 Ke6 45. Qc4+ Kd6 46. Qb4+ Kc6
47. Kg2 Kd7+ 48. f3 Ke6 49. Qe4+ 1-0

[Event "FIDE World Blitz 2014"]
[Site "Dubai UAE"]
[Date "2014.06.19"]
[Round "11.9"]
[White "Caruana, Fabiano"]
[Black "Bacrot, Etienne"]
[Result "1-0"]
[WhiteTitle "GM"]
[BlackTitle "GM"]
[WhiteElo "2791"]
[BlackElo "2720"]
[WhiteFideId "2020009"]
[BlackFideId "605506"]
[EventDate "2014.06.19"]

1. Nf3 d5 2. g3 g6 3. Bg2 Bg7 4. O-O e5 5. d3 Ne7 6. c4 O-O 7. Nc3 d4 8. Ne4 f5
9. Nc5 b6 10. Nb3 Nbc6 11. Bg5 Bb7 12. Rc1 h6 13. Bxe7 Qxe7 14. c5 b5 15. Nbd2
Qf7 16. a4 a6 17. Ra1 Kh7 18. Ne1 h5 19. Nc2 Rab8 20. axb5 axb5 21. Nf3 Qe7 22.
Qd2 Bh6 23. Qd1 Qxc5 24. h4 Rfe8 25. Ng5+ Bxg5 26. hxg5 e4 27. dxe4 fxe4 28. Qd2
Qe5 29. e3 d3 30. Nb4 Nd8 31. Rfc1 Ne6 32. Ra7 Qd6 33. Rxb7 Rxb7 34. Bxe4 Rbb8
35. Rc6 Qd7 36. Nd5 Rf8 37. Qxd3 Nxg5 38. Nf6+ Rxf6 39. Qxd7+ Rf7 40. Bxg6+ 1-0

[Event "FIDE World Blitz 2014"]
[Site "Dubai UAE"]
[Date "2014.06.19"]
[Round "11.11"]
[White "Laznicka, Viktor"]
[Black "Iturrizaga Bonelli, Eduardo"]
[Result "1-0"]
[WhiteTitle "GM"]
[BlackTitle "GM"]
[WhiteElo "2679"]
[BlackElo "2653"]
[WhiteFideId "316385"]
[BlackFideId "3901211"]
[EventDate "2014.06.19"]

1. d4 Nf6 2. c4 c5 3. d5 b5 4. cxb5 a6 5. bxa6 g6 6. Nc3 Bxa6 7. e4 Bxf1 8. Kxf1
d6 9. Nf3 Nbd7 10. g3 Bg7 11. Kg2 O-O 12. a4 Ra6 13. Qc2 Qa8 14. Nb5 Rc8 15. Bd2
c4 16. Be3 e6 17. dxe6 fxe6 18. Nd2 d5 19. Rhe1 Ne5 20. exd5 Qxd5+ 21. Kg1 Nd3
22. Red1 Ng4 23. Nxc4 Nge5 24. Nxe5 Rxc2 25. Nxd3 Bf8 26. Nb4 Bxb4 27. Rxd5 exd5
28. b3 Rb2 29. Nc7 Rd6 30. a5 d4 31. Bf4 Rd8 32. a6 Bc5 33. Ne6 Ra8 34. Nxc5 d3
35. Nxd3 Rxb3 36. Nc5 Rb5 37. Be3 1-0

[Event "FIDE World Blitz 2014"]
[Site "Dubai UAE"]
[Date "2014.06.19"]
[Round "11.12"]
[White "Fressinet, Laurent"]
[Black "Moradiabadi, Elshan"]
[Result "1-0"]
[WhiteTitle "GM"]
[BlackTitle "GM"]
[WhiteElo "2717"]
[BlackElo "2586"]
[WhiteFideId "608742"]
[BlackFideId "12501255"]
[EventDate "2014.06.19"]

1. e4 e5 2. Nf3 Nc6 3. Bc4 Bc5 4. c3 Nf6 5. d3 a6 6. Nbd2 Ba7 7. Bb3 d6 8. h3 h6
9. Nf1 Be6 10. Ng3 Qd7 11. Qe2 O-O-O 12. Be3 Bxe3 13. Qxe3 d5 14. Qe2 Rhe8 15.
Ba4 b5 16. Bb3 dxe4 17. dxe4 Qd3 18. Qxd3 Rxd3 19. Ke2 Rd7 20. Rhd1 g6 21. Nd2
Na5 22. Bxe6 Rxe6 23. b4 Nb7 24. a4 Kd8 25. axb5 axb5 26. Ra8+ Ke7 27. Nb3 Rxd1
28. Kxd1 Rd6+ 29. Kc2 Rd8 30. Ra7 Rb8 31. f3 Nd7 32. Nf1 Nb6 33. Ne3 Kd6 34. Nc5
Nd8 35. Ra5 Nc8 36. Ra6+ c6 37. c4 Ne6 38. Nxe6 fxe6 39. c5+ Kc7 40. Ng4 Kb7 41.
Ra1 Ne7 42. Nxe5 Rd8 43. Rd1 Rxd1 44. Kxd1 Kc7 45. Kd2 Kc8 46. g4 h5 47. Ke3
hxg4 48. fxg4 Kd8 49. Kf4 Ke8 50. Kg5 1-0

[Event "FIDE World Blitz 2014"]
[Site "Dubai UAE"]
[Date "2014.06.19"]
[Round "11.16"]
[White "Wojtaszek, Radoslaw"]
[Black "Michalik, Peter"]
[Result "1-0"]
[WhiteTitle "GM"]
[BlackTitle "GM"]
[WhiteElo "2715"]
[BlackElo "2557"]
[WhiteFideId "1118358"]
[BlackFideId "14907526"]
[EventDate "2014.06.19"]

1. d4 d5 2. c4 c6 3. Nf3 Nf6 4. e3 Bg4 5. Nc3 e6 6. Qb3 Qb6 7. Ne5 Bh5 8. h3
Nfd7 9. Nd3 Bg6 10. c5 Qc7 11. Nf4 b6 12. Nxg6 hxg6 13. cxb6 axb6 14. Bd2 Be7
15. Rc1 Qa7 16. Be2 O-O 17. O-O Na6 18. a3 Nc7 19. e4 Rfc8 20. Rc2 Nf6 21. Bf3
dxe4 22. Nxe4 Ncd5 23. Rfc1 Qb7 24. Ng5 b5 25. Be2 Nd7 26. Nf3 Qa6 27. h4 Qb7
28. g3 Bf6 29. Bd3 N7b6 30. Ne5 Bxe5 31. dxe5 Nd7 32. Re1 Rab8 33. Rcc1 c5 34.
Qd1 c4 35. Bb1 Nc5 36. h5 gxh5 37. Qxh5 g6 38. Qh6 Qe7 39. Kg2 Qf8 40. Qh4 Qg7
41. Bh6 Qh8 42. Rcd1 Na4 43. Rh1 Nxb2 44. Rd4 c3 45. Bc2 Nc4 46. Qg5 Qxe5 47.
Rxc4 Qxg5 48. Rxc8+ Rxc8 49. Bxg5 b4 50. axb4 Nxb4 51. Bf6 1-0